00965nam a22002537a 450000500170000001000130001702000220003003500130005203700160006504000120008108200160009310000250010924500920013426000430022627000550026930000290032465000220035365000320037570000220040794200250042999900190045495201230047395201150059620170124110021.0 aA-609551 c00.00a8122404804 aA-609551 bCen Lib/Ret aDPLbEN a657.48bAGA aAgarwal, S. P.97660a aAdvanced financial accounting :cby S.P. Agarwal [and] P.C. Jainbtheory and practice / aNew DelhibWiley Eastern Limitedc1993 a4835/24, Ansari Road, DaryaganjbNew Delhie110002 a524p. :c21cm(pbk)bill. aAccounting910075 aFinancial Accounting919781 aJain, P.C.919782 2ddccENh657.48mAGA c127205d127205 00104070aLbLd2015-06-27eCen Lib/Retg0.00l0o657.48 AGApA-609551r2015-06-27 00:00:00t1v0.00w2015-06-27yEN 00102ddc4070aLbLd2016-10-31g0.00l0o657.48 AGApA-609550r2016-10-31 00:00:00t2v0.00w2016-10-31yEN